00602 2200217 4500001002100000005001700021008004100038035002500079040001200104082002300116084002300139090002300162100001600185245005300201260002900254300003500283650002000318700001300338850001200351990002100363INLIS00000000000111020141210101848.0  a0010-121400000000192 aYOPDYOG aDEP 899.2213 Lor L aDEP 899.2213 Lor L aDEP 899.2213 Lor L aLORYTA CHAI aLove and heartc/ Loryta Chai ; editor, Yashinta aYogyakartabSheilac2013 aiv, 184 hlm.b: ilus. ;c19 cm aFiksi Indonesia aYashinta aYOPDYOG aCB-D.112013-1035